[Event "Girona-ch"]
[Site "Sant Gregori"]
[Date "2019.12.08"]
[Round "8"]
[White "Fluvia Frigola, Joan"]
[Black "Sole Benegues, Jordi"]
[Result "1-0"]
[WhiteElo "1993"]
[BlackElo "1675"]
[PlyCount "97"]
[EventDate "2019.10.13"]
[EventType "swiss"]
[EventRounds "9"]
[EventCountry "ESP"]
[SourceTitle "CBM 194 Extra"]
[Source "ChessBase"]
[SourceDate "2020.03.31"]
[SourceVersion "1"]
[SourceVersionDate "2020.03.31"]
[SourceQuality "1"]

1. e4 e6 2. d4 c6 3. Bd3 Nf6 4. Nf3 d5 5. e5 Ne4 6. Qe2 b6 7. Bxe4 dxe4 8. Qxe4 Ba6 9. Be3 Be7 10. Nbd2 Qd5 11. Qxd5 cxd5 12. 0-0-0 0-0 13. Kb1 Nc6 14. Rc1 Na5 15. Bg5 Bxg5 16. Nxg5 Rfc8 17. f4 h6 18. Ngf3 b5 19. b4 Nc4 20. Nxc4 bxc4 21. c3 Bb5 22. Kb2 a5 23. a3 Ra7 24. Ra1 Ba4 25. Nd2 Rca8 26. g4 g6 27. h4 Kg7 28. h5 Bc6 29. Rhg1 f5 30. gxf5 axb4 31. f6+ Kf8 32. axb4 Rxa1 33. Rxa1 Rxa1 34. Kxa1 gxh5 35. Nf3 Kf7 36. Nh4 Bb5 37. Kb2 Bc6 38. Kc1 Kf8 39. Kd2 Be8 40. Ke3 Bf7 41. f5 Ke8 42. Kf4 Kd7 43. fxe6+ Bxe6 44. Nf5 Kd8 45. Nxh6 h4 46. Ng4 Ke8 47. Nh2 Bd7 48. Nf3 Kf8 49. Nxh4 1-0

[Event "Girona-ch"]
[Site "Sant Gregori"]
[Date "2019.11.17"]
[Round "5"]
[White "Vilanova Guardiola, Josep Maria"]
[Black "Fluvia Frigola, Joan"]
[Result "1-0"]
[WhiteElo "1831"]
[BlackElo "1993"]
[PlyCount "79"]
[EventDate "2019.10.13"]
[EventType "swiss"]
[EventRounds "9"]
[EventCountry "ESP"]
[SourceTitle "CBM 194 Extra"]
[Source "ChessBase"]
[SourceDate "2020.03.31"]
[SourceVersion "1"]
[SourceVersionDate "2020.03.31"]
[SourceQuality "1"]

1. d4 Nf6 2. c4 g6 3. Nc3 d5 4. cxd5 Nxd5 5. e4 Nxc3 6. bxc3 Bg7 7. Bc4 0-0 8. Ne2 c5 9. 0-0 Nc6 10. Be3 cxd4 11. cxd4 Bg4 12. f3 Na5 13. Bd3 Be6 14. d5 Bxa1 15. Qxa1 f6 16. Qd4 Bf7 17. Bh6 Re8 18. Bb5 Qb6 19. Bxe8 Bxe8 20. Rc1 Bb5 21. Qxb6 axb6 22. Nd4 Bc4 23. Rc2 b5 24. Rb2 g5 25. h4 gxh4 26. Nxb5 Bxb5 27. Rxb5 Kf7 28. Kh2 Nc4 29. Rxb7 Rxa2 30. Bf4 Ra6 31. Kh3 Nd6 32. Bxd6 Rxd6 33. Kxh4 f5 34. Rc7 Kf6 35. Kg3 h6 36. Kf4 fxe4 37. fxe4 Kf7 38. Rc6 Rxc6 39. dxc6 Ke6 40. e5 1-0

[Event "Catalunya-ch Seniors"]
[Site "Santa Susanna"]
[Date "2019.05.19"]
[Round "2"]
[White "Simon Padros, Emili"]
[Black "Fluvia Frigola, Joan"]
[Result "1-0"]
[WhiteElo "2103"]
[BlackElo "2005"]
[PlyCount "75"]
[EventDate "2019.05.18"]
[EventType "swiss"]
[EventRounds "9"]
[EventCountry "ESP"]
[SourceTitle "CBM 190 Extra"]
[Source "ChessBase"]
[SourceDate "2019.07.15"]
[SourceVersion "1"]
[SourceVersionDate "2019.07.15"]
[SourceQuality "1"]

1. e4 c5 2. Nf3 d6 3. d4 cxd4 4. Nxd4 Nf6 5. Nc3 a6 6. Bg5 e6 7. f4 Be7 8. Qf3 Qc7 9. 0-0-0 Nbd7 10. g4 b5 11. Bxf6 Nxf6 12. g5 Nd7 13. f5 Bxg5+ 14. Kb1 Ne5 15. Qh5 Qe7 16. Nxe6 Bxe6 17. fxe6 g6 18. exf7+ Kxf7 19. Qh3 Kg7 20. Nd5 Qd8 21. Be2 Rf8 22. Rhf1 Ra7 23. Qa3 Rxf1 24. Rxf1 Qb8 25. Qc3 Qe8 26. Rg1 Bh6 27. h4 Rf7 28. h5 Rf2 29. hxg6 hxg6 30. Bd3 Qf7 31. a3 Bd2 32. Qd4 Qf3 33. Ne7 Qf6 34. Nf5+ Rxf5 35. exf5 g5 36. Qf2 Ba5 37. Qa7+ Nf7 38. Qxa6 1-0

[Event "Girona-ch Seniors"]
[Site "Girona"]
[Date "2019.03.12"]
[Round "6.1"]
[White "Fluvia Frigola, Joan"]
[Black "Ayllon Rodriguez, Joan Pedro"]
[Result "0-1"]
[WhiteElo "2008"]
[BlackElo "2119"]
[PlyCount "130"]
[EventDate "2019.02.05"]
[EventType "swiss"]
[EventRounds "6"]
[EventCountry "ESP"]
[SourceTitle "EXT 2024"]
[Source "ChessBase"]
[SourceDate "2023.10.10"]
[SourceVersion "1"]
[SourceVersionDate "2023.10.10"]
[SourceQuality "1"]

1. e4 e5 2. Nf3 Nc6 3. Bb5 a6 4. Ba4 Nf6 5. 0-0 b5 6. Bb3 Be7 7. Re1 d6 8. c3 Na5 9. Bc2 c5 10. d4 Qc7 11. Nbd2 Bg4 12. h3 Bxf3 13. Nxf3 cxd4 14. cxd4 Rc8 15. Bd3 0-0 16. b3 Nc6 17. Bb2 Rfd8 18. Rc1 Qb8 19. d5 Na5 20. Qd2 Nb7 21. b4 Qa8 22. Rxc8 Rxc8 23. Rc1 Rb8 24. Qc3 Nd8 25. a3 Ne8 26. Qc2 Qa7 27. g3 Rb7 28. Kg2 h6 29. Qb3 Rb8 30. Rc2 a5 31. bxa5 Nb7 32. Bxb5 Nc5 33. Qc4 Nc7 34. a4 Nxb5 35. axb5 Qxa5 36. Nxe5 dxe5 37. Bxe5 Rxb5 38. Bc7 Qa6 39. e5 Qb7 40. Kh2 Nd7 41. d6 Bf8 42. e6 Rb1 43. exf7+ Kh8 44. Rc1 Rxc1 45. Qxc1 Qf3 46. Qf4 Qxf4 47. gxf4 g6 48. Kg3 Kg7 49. f5 gxf5 50. Kf4 Kf6 51. Bd8+ Ke6 52. Bc7 Bg7 53. h4 Be5+ 54. Ke3 h5 55. Kf3 Kxf7 56. Bd8 Bxd6 57. Bg5 Kg6 58. Kg2 Kf7 59. f3 Be7 60. Kg3 Bxg5 61. hxg5 Kg6 62. f4 Nc5 63. Kh3 Nb3 64. Kg3 Nd4 65. Kg2 Ne6 0-1

[Event "Girona-ch"]
[Site "Banyoles"]
[Date "2018.11.18"]
[Round "7"]
[White "Fluvia Frigola, Joan"]
[Black "Otones Lopez, Antonio"]
[Result "1-0"]
[WhiteElo "2022"]
[BlackElo "1757"]
[PlyCount "53"]
[EventDate "2018.09.30"]
[EventType "swiss"]
[EventRounds "9"]
[EventCountry "ESP"]
[SourceTitle "CBM 187 Extra"]
[Source "ChessBase"]
[SourceDate "2018.11.04"]
[SourceVersion "1"]
[SourceVersionDate "2018.11.04"]
[SourceQuality "1"]

1. e4 e6 2. d4 d5 3. Nd2 Nf6 4. e5 Nfd7 5. Bd3 c5 6. c3 Nc6 7. Ne2 cxd4 8. cxd4 f6 9. exf6 Nxf6 10. Nf3 Bd6 11. 0-0 Qc7 12. Nc3 a6 13. Bg5 0-0 14. Bh4 Nh5 15. Rc1 g6 16. Na4 Qg7 17. Nb6 Rb8 18. Bxa6 Bf4 19. Rc3 g5 20. Nxg5 Bxg5 21. Qxh5 Bxh4 22. Qxh4 Qxd4 23. Qg3+ Kh8 24. Rxc6 Rg8 25. Qxb8 bxc6 26. Nxc8 e5 27. Qb3 1-0

[Event "Catalunya-ch Seniors 34th"]
[Site "Lloret del Mar"]
[Date "2018.05.24"]
[Round "6"]
[White "Fluvia Frigola, Joan"]
[Black "Monedero Gonzalez, Josep"]
[Result "1/2-1/2"]
[WhiteElo "2024"]
[BlackElo "1925"]
[PlyCount "39"]
[EventDate "2018.05.19"]
[EventType "swiss"]
[EventRounds "9"]
[EventCountry "ESP"]
[SourceTitle "CBM 184 Extra"]
[Source "ChessBase"]
[SourceDate "2018.06.28"]
[SourceVersion "1"]
[SourceVersionDate "2018.06.28"]
[SourceQuality "1"]

1. e4 e6 2. d4 d5 3. Nd2 Nf6 4. e5 Nfd7 5. Bd3 c5 6. c3 Nc6 7. Ne2 Qa5 8. 0-0 Qb6 9. Nf3 c4 10. Bc2 h6 11. Nf4 Be7 12. h3 g5 13. Nh5 Nf8 14. Nh2 Ng6 15. g3 Bd7 16. Ng4 0-0-0 17. Ngf6 Bxf6 18. Nxf6 Nce7 19. Qf3 Bc6 20. Re1 1/2-1/2

[Event "Girona-ch Seniors"]
[Site "Girona"]
[Date "2018.03.06"]
[Round "5.4"]
[White "Fluvia Frigola, Joan"]
[Black "Bonell Mitjans, Antonio"]
[Result "1-0"]
[WhiteElo "2001"]
[BlackElo "2083"]
[PlyCount "115"]
[EventDate "2018.02.06"]
[EventType "swiss"]
[EventRounds "6"]
[EventCountry "ESP"]
[SourceTitle "EXT 2024"]
[Source "ChessBase"]
[SourceDate "2023.10.10"]
[SourceVersion "1"]
[SourceVersionDate "2023.10.10"]
[SourceQuality "1"]

1. e4 e6 2. d4 d5 3. Nd2 Nf6 4. e5 Nfd7 5. Bd3 c5 6. c3 Nc6 7. Ne2 Qb6 8. Nf3 cxd4 9. cxd4 f6 10. exf6 Nxf6 11. 0-0 Bd6 12. Nc3 0-0 13. Be3 Qd8 14. Rc1 Bd7 15. Bb1 Kh8 16. Re1 Qe8 17. Ne5 Nxe5 18. dxe5 Bxe5 19. Bc5 Bxc3 20. Rxc3 Rf7 21. Bd4 Ne4 22. Bxe4 dxe4 23. Rxe4 Bc6 24. Rh4 Rd7 25. Qc2 h5 26. Rch3 Rd5 27. Qe2 Kg8 28. Rg3 e5 29. Bc3 Qd8 30. Rxh5 Bb5 31. Qe4 Bd3 32. Qe3 Rc8 33. Rxe5 Bg6 34. Rxg6 Rxc3 35. Qxc3 Rxe5 36. h3 Qb8 37. Rg3 Qd6 38. Kh2 Re7 39. Qc8+ Kh7 40. Qf5+ Kg8 41. Qd3 Qc7 42. Qb3+ Kh8 43. Qf3 Rf7 44. Qe3 a5 45. a4 Kh7 46. b3 Kg8 47. f3 Re7 48. Qd3 Rf7 49. h4 Kh8 50. Kh3 Qc8+ 51. Rg4 Qc1 52. Rg5 Qh1+ 53. Kg3 Kg8 54. Qe2 Qc1 55. Qe8+ Rf8 56. Qe6+ Rf7 57. Rf5 Qe1+ 58. Qxe1 1-0

[Event "Girona-ch Seniors"]
[Site "Girona"]
[Date "2018.02.27"]
[Round "4.1"]
[White "Ayllon Rodriguez, Joan Pedro"]
[Black "Fluvia Frigola, Joan"]
[Result "1-0"]
[WhiteElo "2142"]
[BlackElo "2001"]
[PlyCount "149"]
[EventDate "2018.02.06"]
[EventType "swiss"]
[EventRounds "6"]
[EventCountry "ESP"]
[SourceTitle "EXT 2024"]
[Source "ChessBase"]
[SourceDate "2023.10.10"]
[SourceVersion "1"]
[SourceVersionDate "2023.10.10"]
[SourceQuality "1"]

1. e4 c5 2. d3 Nc6 3. c3 g6 4. Be2 Bg7 5. Be3 d6 6. Qc1 h6 7. h3 e5 8. Nd2 Nge7 9. g4 Be6 10. Nf1 b6 11. Ng3 Rc8 12. Qd1 d5 13. Bd2 Qd7 14. h4 dxe4 15. dxe4 Rd8 16. h5 g5 17. f3 f6 18. Qc2 0-0 19. Nh3 Na5 20. Nf2 Qc8 21. Nd1 Rd6 22. Ne3 Rfd8 23. Bc1 c4 24. Qa4 Qc6 25. Qxc6 Rxc6 26. Nc2 Bf8 27. Be3 Nc8 28. Kf2 Nb7 29. Rhd1 Rxd1 30. Rxd1 Rd6 31. Rxd6 Bxd6 32. Nf5 Bf8 33. Ke1 b5 34. Ng3 Kf7 35. Nf1 Nc5 36. Kd2 Nb6 37. Bxc5 Bxc5 38. Nfe3 a6 39. Nf1 Ke7 40. Kc1 Kd7 41. Nd2 Kc6 42. b3 cxb3 43. axb3 a5 44. Kb2 Nc8 45. b4 axb4 46. cxb4 Bb6 47. Nb1 Nd6 48. Nba3 Bf2 49. Kc3 Kb6 50. Kd2 Kc6 51. Nb1 Bb6 52. Nc3 Nc4+ 53. Bxc4 Bxc4 54. Na3 Bf1 55. Nd5 Bd8 56. Ne3 Be7 57. Nac2 Bc4 58. Nxc4 bxc4 59. Kc3 Kb5 60. Na3+ Ka4 61. Kxc4 Kxa3 62. b5 Ka4 63. b6 Ka5 64. b7 Bd6 65. Kd5 Bc7 66. Ke6 Kb6 67. b8Q+ Bxb8 68. Kxf6 Bd6 69. Kg7 Kc6 70. Kxh6 Kd7 71. Kxg5 Ke7 72. Kg6 Kf8 73. Kf6 Kg8 74. g5 Bc7 75. g6 1-0

[Event "Girona-ch Seniors"]
[Site "Girona"]
[Date "2018.02.20"]
[Round "3.2"]
[White "Fluvia Frigola, Joan"]
[Black "Martinez Robles, Hermenegildo"]
[Result "1/2-1/2"]
[WhiteElo "2001"]
[BlackElo "1839"]
[PlyCount "95"]
[EventDate "2018.02.06"]
[EventType "swiss"]
[EventRounds "6"]
[EventCountry "ESP"]
[SourceTitle "EXT 2024"]
[Source "ChessBase"]
[SourceDate "2023.10.10"]
[SourceVersion "1"]
[SourceVersionDate "2023.10.10"]
[SourceQuality "1"]

1. e4 e5 2. Nf3 Nc6 3. Bb5 Nf6 4. 0-0 d6 5. d4 Bd7 6. Nc3 Be7 7. Re1 0-0 8. dxe5 Nxe5 9. Nxe5 dxe5 10. Bxd7 Qxd7 11. Qxd7 Nxd7 12. Be3 Bb4 13. Red1 Nb6 14. Nd5 Bd6 15. Nxb6 axb6 16. Bxb6 Ra4 17. f3 Rb4 18. Be3 Rxb2 19. c4 Rc2 20. Rac1 Rxc1 21. Rxc1 Ba3 22. Rd1 b6 23. Rd7 Rc8 24. Rd3 Be7 25. g3 Kf8 26. Rc3 Ra8 27. c5 b5 28. a3 c6 29. Kf2 Ke8 30. Ke2 f6 31. Kd2 Kd7 32. Kc1 Ra5 33. Kb2 h6 34. h4 g5 35. hxg5 hxg5 36. g4 Ra8 37. Kb3 Rh8 38. a4 bxa4+ 39. Kxa4 Rh3 40. Bc1 Rh1 41. Kb4 Rd1 42. Kc4 Ke6 43. Be3 Rf1 44. Bc1 Bd8 45. Ba3 Ba5 46. Bb4 Bc7 47. Rd3 Rc1+ 48. Rc3 1/2-1/2

[Event "Girona-ch "]
[Site "Girona"]
[Date "2017.11.19"]
[Round "7"]
[White "Turon Crosa, Isaac"]
[Black "Fluvia Frigola, Joan"]
[Result "1/2-1/2"]
[WhiteElo "1679"]
[BlackElo "2008"]
[PlyCount "57"]
[EventDate "2017.10.08"]
[EventType "swiss"]
[EventRounds "9"]
[EventCountry "ESP"]
[SourceTitle "CBM 181 Extra"]
[Source "ChessBase"]
[SourceDate "2017.12.12"]
[SourceVersion "1"]
[SourceVersionDate "2017.12.12"]
[SourceQuality "1"]

1. d4 Nf6 2. c4 g6 3. Nc3 d5 4. cxd5 Nxd5 5. e4 Nxc3 6. bxc3 Bg7 7. Nf3 c5 8. Be3 Qa5 9. Qd2 Nc6 10. Rc1 cxd4 11. cxd4 Qxd2+ 12. Kxd2 0-0 13. d5 Rd8 14. Kc2 Na5 15. Bd2 b6 16. Bxa5 bxa5 17. Bc4 Bd7 18. Ba6 e6 19. Bc4 exd5 20. Bxd5 Rac8+ 21. Kd1 Ba4+ 22. Ke2 Bb5+ 23. Kd1 Rxc1+ 24. Kxc1 Rc8+ 25. Kd1 Bh6 26. Nd2 Ba4+ 27. Ke2 Bb5+ 28. Kd1 Ba4+ 29. Ke2 1/2-1/2

[Event "Palafrugell Gelpi Memorial 30th"]
[Site "Palafrugell"]
[Date "2017.11.11"]
[Round "8"]
[White "Fluvia Frigola, Joan"]
[Black "Parramon Ros, Francesco"]
[Result "0-1"]
[WhiteElo "2015"]
[BlackElo "2068"]
[PlyCount "144"]
[EventDate "2017.09.23"]
[EventType "swiss"]
[EventRounds "9"]
[EventCountry "ESP"]
[SourceTitle "CBM 187 Extra"]
[Source "ChessBase"]
[SourceDate "2018.11.04"]
[SourceVersion "1"]
[SourceVersionDate "2018.11.04"]
[SourceQuality "1"]

1. e4 Nf6 2. e5 Nd5 3. d4 d6 4. Nf3 dxe5 5. Nxe5 c6 6. Bc4 Nd7 7. Nf3 N7b6 8. Bb3 Bf5 9. 0-0 e6 10. a3 Be7 11. c4 Nf6 12. Nc3 h6 13. h3 0-0 14. Be3 Qc7 15. Qe2 Rad8 16. Rfd1 Rfe8 17. Rac1 Qb8 18. Bc2 Bxc2 19. Rxc2 Bf8 20. g3 Nbd7 21. Rcd2 a6 22. Bf4 Qc8 23. Ne5 c5 24. Nxd7 Rxd7 25. Be5 Nh7 26. dxc5 Rxd2 27. Qxd2 Qxc5 28. Qd7 Re7 29. Qd6 Qxc4 30. Rd4 Qc6 31. Qxc6 bxc6 32. Rc4 Rb7 33. Rxc6 Rxb2 34. Rxa6 Rb3 35. Na4 Rxa3 36. Ra8 Rd3 37. Nb2 Rd5 38. Bf4 e5 39. Be3 f6 40. Na4 Kf7 41. Nb6 Rd1+ 42. Kg2 h5 43. Ra7+ Kg6 44. Nd7 Bb4 45. Rb7 Bd2 46. Nxe5+ fxe5 47. Rd7 Bxe3 48. Rxd1 Bg5 49. h4 Bf6 50. f3 Kf7 51. Rd6 Nf8 52. Ra6 Ne6 53. Kf2 Nd4 54. Kg2 Be7 55. Kf2 Nf5 56. Kg2 g6 57. Rc6 Bd6 58. Ra6 Ke6 59. Ra5 Ne7 60. Ra6 Nd5 61. Ra8 Nf6 62. Ra6 e4 63. fxe4 Nxe4 64. Kf3 Nd2+ 65. Ke2 Ne4 66. Kf3 Kf5 67. Ra4 Nd2+ 68. Kg2 Ne4 69. Ra5+ Be5 70. Kf3 Nxg3 71. Ra4 Nf1 72. Ke2 Nh2 0-1

[Event "Girona-ch "]
[Site "Girona"]
[Date "2017.11.05"]
[Round "5"]
[White "Gili Munoz, Daniel"]
[Black "Fluvia Frigola, Joan"]
[Result "1/2-1/2"]
[WhiteElo "1669"]
[BlackElo "2008"]
[PlyCount "47"]
[EventDate "2017.10.08"]
[EventType "swiss"]
[EventRounds "9"]
[EventCountry "ESP"]
[SourceTitle "CBM 181 Extra"]
[Source "ChessBase"]
[SourceDate "2017.12.12"]
[SourceVersion "1"]
[SourceVersionDate "2017.12.12"]
[SourceQuality "1"]

1. e4 c5 2. Nf3 d6 3. Bb5+ Bd7 4. Bxd7+ Qxd7 5. 0-0 Nc6 6. c3 Nf6 7. d4 Nxe4 8. d5 Ne5 9. Re1 Nxf3+ 10. Qxf3 Nf6 11. Bg5 Qg4 12. Qxg4 Nxg4 13. Re4 Nf6 14. Bxf6 gxf6 15. Na3 f5 16. Rf4 e6 17. Re1 Kd7 18. b4 Bh6 19. dxe6+ fxe6 20. Rc4 cxb4 21. Rxb4 b6 22. Rd1 d5 23. Rh4 Bg7 24. c4 1/2-1/2

[Event "Girona-ch "]
[Site "Girona"]
[Date "2017.10.29"]
[Round "4"]
[White "Fluvia Frigola, Joan"]
[Black "Horta Gafarot, Biel"]
[Result "1/2-1/2"]
[WhiteElo "2008"]
[BlackElo "1832"]
[PlyCount "58"]
[EventDate "2017.10.08"]
[EventType "swiss"]
[EventRounds "9"]
[EventCountry "ESP"]
[SourceTitle "CBM 181 Extra"]
[Source "ChessBase"]
[SourceDate "2017.12.12"]
[SourceVersion "1"]
[SourceVersionDate "2017.12.12"]
[SourceQuality "1"]

1. e4 c5 2. Nf3 g6 3. d4 cxd4 4. Nxd4 Nc6 5. Nc3 Bg7 6. Nb3 Bxc3+ 7. bxc3 Nf6 8. Bd3 Qc7 9. 0-0 0-0 10. Be3 d6 11. f3 Nd7 12. Qe1 Nde5 13. c4 b6 14. Qc3 Be6 15. Bh6 f6 16. Bxf8 Rxf8 17. f4 Nd7 18. Rae1 Rc8 19. Nd4 Nxd4 20. Qxd4 Bxc4 21. Bxc4+ Qxc4 22. Qxc4+ Rxc4 23. Re2 Ra4 24. c3 Rc4 25. Rf3 Kg7 26. g3 Kg8 27. Kg2 Kg7 28. Rd3 Kg8 29. Red2 Kg7 1/2-1/2

[Event "Palafrugell Gelpi Memorial 30th"]
[Site "Palafrugell"]
[Date "2017.10.07"]
[Round "3"]
[White "Fluvia Frigola, Joan"]
[Black "Parals Marce, Luis"]
[Result "1/2-1/2"]
[WhiteElo "2015"]
[BlackElo "2061"]
[PlyCount "159"]
[EventDate "2017.09.23"]
[EventType "swiss"]
[EventRounds "9"]
[EventCountry "ESP"]
[SourceTitle "CBM 187 Extra"]
[Source "ChessBase"]
[SourceDate "2018.11.04"]
[SourceVersion "1"]
[SourceVersionDate "2018.11.04"]
[SourceQuality "1"]

1. e4 g6 2. d4 Bg7 3. Nc3 d6 4. f4 a6 5. Nf3 b5 6. Bd3 c5 7. Be3 c4 8. Be2 Nf6 9. e5 Ng4 10. Bg1 Bb7 11. h3 Nh6 12. a3 Nf5 13. Bf2 h5 14. 0-0 e6 15. Qe1 Bxf3 16. Bxf3 d5 17. Nd1 Nc6 18. c3 h4 19. Ne3 Nce7 20. Bg4 Bf8 21. Bxf5 Nxf5 22. Ng4 Be7 23. Ne3 Ng7 24. Qd2 Rb8 25. Nc2 a5 26. Rfb1 a4 27. Ne3 Nf5 28. Kh2 Nxe3 29. Bxe3 Kd7 30. Rg1 Kc6 31. Raf1 Rh5 32. Qf2 Qf8 33. Bd2 Rf5 34. Qe2 Rh5 35. Qf3 Rf5 36. Qg4 Qh6 37. Be3 Rg8 38. Qe2 Rf8 39. Bd2 Rh5 40. Re1 Rh8 41. Qf3 Kb6 42. Re2 Qg7 43. Rf1 Qh7 44. Bc1 Rf5 45. Qg4 Qh5 46. Qxh5 Rfxh5 47. Bd2 Kc6 48. Bc1 Kd7 49. Ref2 Ke8 50. Bd2 Kf8 51. Bc1 Kg7 52. Bd2 Rf5 53. Be3 Kh6 54. Rf3 Kh5 55. R3f2 Kh6 56. Rf3 Rf8 57. Kg1 Kg7 58. R3f2 f6 59. Bd2 fxe5 60. fxe5 Rh8 61. Rf3 Rhh5 62. R1f2 Rh7 63. Rf1 Rxf3 64. Rxf3 g5 65. Kf2 Kg6 66. Be3 Rh8 67. g4 hxg3+ 68. Rxg3 Rh4 69. Kg2 Re4 70. Kf3 Kh5 71. Kg2 g4 72. Rxg4 Rxg4+ 73. hxg4+ Kxg4 74. Kf2 Bh4+ 75. Ke2 Bg3 76. Bh6 Bh2 77. Kd1 Kf3 78. Bf8 Bg1 79. Bc5 Ke3 80. Bb4 1/2-1/2

[Event "EU-ch Seniors 50 17h"]
[Site "Sabadell"]
[Date "2017.08.12"]
[Round "1"]
[White "Fluvia Frigola, Joan"]
[Black "Pablo Marin, Alejandro"]
[Result "0-1"]
[WhiteElo "2015"]
[BlackElo "2367"]
[PlyCount "66"]
[EventDate "2017.08.12"]
[EventType "swiss"]
[EventRounds "9"]
[EventCountry "ESP"]
[SourceTitle "CBM 180 Extra"]
[Source "ChessBase"]
[SourceDate "2017.10.06"]
[SourceVersion "1"]
[SourceVersionDate "2017.10.06"]
[SourceQuality "1"]

1. e4 Nf6 2. e5 Nd5 3. d4 d6 4. Nf3 dxe5 5. Nxe5 c6 6. Be2 Nd7 7. Nf3 g6 8. 0-0 Bg7 9. c4 Nc7 10. Nc3 0-0 11. Be3 b6 12. Qd2 Bb7 13. Bh6 Nf6 14. Bxg7 Kxg7 15. Rad1 Qd6 16. Qc2 Ne6 17. Ne4 Qf4 18. Nxf6 Qxf6 19. Rfe1 Rfd8 20. Qe4 Rd6 21. b4 Rad8 22. c5 R6d7 23. b5 Nxd4 24. Nxd4 Rxd4 25. Rxd4 Rxd4 26. Qf3 Rf4 27. Qe3 cxb5 28. Bxb5 Re4 29. Qd2 Rxe1+ 30. Qxe1 bxc5 31. h3 Bd5 32. Bf1 c4 33. Qa5 Qd4 0-1

[Event "Platja d'Aro op 5th"]
[Site "Platja d'Aro"]
[Date "2017.06.25"]
[Round "1"]
[White "Krylov, Mikhail"]
[Black "Fluvia Frigola, Joan"]
[Result "1-0"]
[WhiteElo "2485"]
[BlackElo "2033"]
[PlyCount "68"]
[EventDate "2017.06.25"]
[EventType "swiss"]
[EventRounds "9"]
[EventCountry "ESP"]
[SourceTitle "EXT 2018"]
[Source "ChessBase"]
[SourceDate "2017.10.13"]
[SourceVersion "1"]
[SourceVersionDate "2017.10.13"]
[SourceQuality "1"]

1. d4 Nf6 2. c4 g6 3. Nc3 d5 4. cxd5 Nxd5 5. e4 Nxc3 6. bxc3 Bg7 7. Nf3 c5 8. Rb1 0-0 9. Be2 cxd4 10. cxd4 Qa5+ 11. Bd2 Qxa2 12. 0-0 Bg4 13. Bg5 Nc6 14. d5 Bxf3 15. Bxf3 h6 16. Bh4 Ne5 17. Bxe7 Rfe8 18. Rxb7 Qa6 19. Qb3 Nxf3+ 20. gxf3 Bf6 21. Bc5 Be5 22. d6 Re6 23. Rd1 Qc6 24. Rc7 Qa6 25. Qb7 Qxb7 26. Rxb7 Rd8 27. d7 a5 28. Bb6 Rxb6 29. Rxb6 Kf8 30. Ra6 Bc3 31. f4 f6 32. Kg2 g5 33. Kf3 gxf4 34. Kxf4 Be5+ 1-0

[Event "Girona-ch Seniors"]
[Site "Girona"]
[Date "2017.02.21"]
[Round "3.3"]
[White "Fluvia Frigola, Joan"]
[Black "Vinas Serra, Jaume"]
[Result "1-0"]
[WhiteElo "1998"]
[BlackElo "1828"]
[PlyCount "107"]
[EventDate "2017.02.07"]
[EventType "swiss"]
[EventRounds "6"]
[EventCountry "ESP"]
[SourceTitle "EXT 2024"]
[Source "ChessBase"]
[SourceDate "2023.10.10"]
[SourceVersion "1"]
[SourceVersionDate "2023.10.10"]
[SourceQuality "1"]

1. e4 Nf6 2. e5 Nd5 3. d4 d6 4. Nf3 Bg4 5. Be2 e6 6. 0-0 Nc6 7. c4 Nb6 8. exd6 cxd6 9. Nbd2 Be7 10. b3 0-0 11. Bb2 Rc8 12. a3 Nb8 13. Rc1 N8d7 14. Ne4 Bf5 15. Ng3 Bg6 16. Bd3 Bf6 17. Bxg6 hxg6 18. Qe2 Re8 19. Ne4 Be7 20. h4 Nf6 21. Neg5 Nbd7 22. Rfe1 Nf8 23. g3 N6h7 24. Nxh7 Nxh7 25. Kg2 d5 26. c5 Nf6 27. Ng5 Nh5 28. Nxf7 Kxf7 29. Qxe6+ Kf8 30. Qxg6 Nf6 31. Re5 Qd7 32. Rce1 Bd8 33. Rxe8+ Nxe8 34. Bc1 Qf7 35. Qxf7+ Kxf7 36. Re5 Nf6 37. Bg5 b6 38. Bxf6 Bxf6 39. Rxd5 Ke6 40. Rd6+ Ke7 41. b4 Rd8 42. Rxd8 Kxd8 43. b5 bxc5 44. dxc5 Be7 45. a4 Bxc5 46. f4 Kc7 47. g4 Kb6 48. h5 Ka5 49. g5 Kxa4 50. f5 Bd4 51. f6 gxf6 52. g6 f5 53. h6 Kxb5 54. g7 1-0

[Event "Platja d'Aro op 4th"]
[Site "Platja d'Aro"]
[Date "2016.06.25"]
[Round "1"]
[White "Fluvia Frigola, Joan"]
[Black "Mozharov, Mikhail"]
[Result "0-1"]
[WhiteElo "2042"]
[BlackElo "2560"]
[PlyCount "84"]
[EventDate "2016.06.25"]
[EventType "swiss"]
[EventRounds "9"]
[EventCountry "ESP"]
[SourceTitle "EXT 2017"]
[Source "ChessBase"]
[SourceDate "2016.10.25"]
[SourceVersion "1"]
[SourceVersionDate "2016.10.25"]
[SourceQuality "1"]

1. e4 c5 2. Nf3 Nc6 3. d4 cxd4 4. Nxd4 e5 5. Nb5 d6 6. c4 Be7 7. N1c3 a6 8. Na3 Nf6 9. Be2 Be6 10. Nc2 Rc8 11. 0-0 0-0 12. Ne3 Nd4 13. Re1 Qd7 14. Ned5 Bd8 15. Be3 Bxd5 16. cxd5 Nxe2+ 17. Qxe2 Ng4 18. Rac1 h6 19. Rc2 Ba5 20. Rec1 Nxe3 21. Qxe3 Bb4 22. Qd3 Bc5 23. g3 h5 24. Kg2 h4 25. h3 hxg3 26. fxg3 Bd4 27. Ne2 Rxc2 28. Qxc2 Bc5 29. a3 g6 30. b4 Bb6 31. g4 Qd8 32. Ng3 Qg5 33. Rf1 a5 34. Qc1 Qxc1 35. Rxc1 axb4 36. axb4 Ra8 37. h4 Kg7 38. h5 Ra2+ 39. Kh3 Be3 40. Rc7 Bf4 41. hxg6 Kxg6 42. Nf1 Rf2 0-1

[Event "Girona-ch"]
[Site "Girona"]
[Date "2005.10.16"]
[Round "4.4"]
[White "Fluvia Frigola, Joan"]
[Black "Mayo Casademont, Andreu"]
[Result "1/2-1/2"]
[WhiteElo "2170"]
[BlackElo "2832"]
[PlyCount "43"]
[EventDate "2005.09.25"]
[EventType "swiss"]
[EventRounds "9"]
[EventCountry "ESP"]
[SourceTitle "EXT 2024"]
[Source "ChessBase"]
[SourceDate "2023.10.10"]
[SourceVersion "1"]
[SourceVersionDate "2023.10.10"]
[SourceQuality "1"]

1. e4 c5 2. Nf3 Nc6 3. d4 cxd4 4. Nxd4 Nf6 5. Nc3 e5 6. Ndb5 d6 7. Nd5 Nxd5 8. exd5 Nb8 9. c4 Be7 10. Be2 0-0 11. 0-0 f5 12. f4 a6 13. Nc3 Qb6+ 14. Kh1 e4 15. Na4 Qc7 16. Be3 Nd7 17. b4 b6 18. Qb3 Kh8 19. Rac1 a5 20. b5 Bf6 21. Rfd1 Bb7 22. h3 1/2-1/2